| 000 | 00569cam a2200181u 4500 | ||
|---|---|---|---|
| 001 | 6338277 | ||
| 005 | 20171129095712.0 | ||
| 008 | 830111s1905 enkabef a 000 0 eng | ||
| 040 | _cPK-LaUMT | ||
| 082 |
_a711.4 _bSEN-G |
||
| 100 | 1 | _aSennett, Alfred Richard | |
| 245 | 1 | 0 |
_aGarden cities in theory and practice/ _cAlfred Richard Sennett |
| 260 |
_aLondon, _bI. B. Tauris, _c2016 |
||
| 300 |
_a2 v. _billus. (incl. tables) plates (1 fold.) maps, plans (part fold.) diagrs. (1 fold.) _c21 cm. |
||
| 650 | 0 | _aGarden cities. | |
| 650 | 0 | _aCity planning. | |
| 942 | _cBK | ||
| 999 |
_c100301 _d100301 |
||